| 000 | 01220nam a2200241Ia 4500 | ||
|---|---|---|---|
| 003 | Ost | ||
| 005 | 20260507075559.0 | ||
| 008 | 260507s9999||||xx |||||||||||||| ||und|| | ||
| 020 | _a9775412099 | ||
| 040 | _cfsecg | ||
| 041 | _aara | ||
| 082 | _a300 | ||
| 100 |
_aالشرقاوي، عبد الحكيم مصطفى _eمؤلف |
||
| 245 | 0 |
_aالتهرب الضريبي و الاقتصاد الاسود / _c عبد الحكيم مصطفى الشرقاوي |
|
| 260 |
_aالاسكندرية: _bدار الجامعة الجديدة للنشر, _c2006 |
||
| 300 |
_a251 صفحة؛ _bإيضاحات ؛ _c24 سم |
||
| 504 | _aمراجع ص.234 | ||
| 520 | _aالاقتصاد الاسود (مفهومه- حجمه- اسباب نموه) طرق تقدير حجم الاقتصاد الاسود اضافة الى مقارنة نتائج طرق تقدير حجم الاقتصاد الاسود و كذا المشاركة في السوق الاسود, نتائج التهرب الضريبي و الاقتصاد الاسود و في الاخير سياسة المواجهة. | ||
| 653 | _aالاقتصاد - ضرائب | ||
| 653 | _aالاقتصاد الاسود | ||
| 653 | _aالضرائب - تهرب | ||
| 942 | _cكتاب | ||
| 999 |
_c44997 _d44997 |
||